| 000 | 00515nam a2200169Ia 4500 | ||
|---|---|---|---|
| 008 | 090711s9999 xx 000 0 und d | ||
| 082 | _b16582 | ||
| 100 | _aआपटे ह. ना. | ||
| 245 | _aSााणाक्षपणाSाा कळस | ||
| 260 | _c1964 | ||
| 300 | _a127 | ||
| 600 | _aआपटे ह. ना. | ||
| 630 | _aSााणाक्षपणाSाा कळस | ||
| 700 | _aआपटे ह. ना. | ||
| 730 | _aSााणाक्षपणाSाा कळस | ||
| 942 | _cBOOK | ||
| 999 |
_c293343 _d293343 |
||